000 00597nam a22002537a 4500
003 UA-OsUOA
001 24644
007 ta
008 20040224b un ||||| |||| 00| 0 ukr d
100 _aЛукьянова Е.Г.
090 _a340.12
_bЛ84
942 _cBK
040 _aUA-OsUOA
_brus
_cUA-OsUOA
_dUA-OsUOA
245 _aТеория процесуального права
300 _a240 с.
955 _a0
041 _arus
080 _a340.12
020 _a5-89123-695-8
260 _aМосква
_bНорма
_c2003
044 _aRU
650 7 _2UDC
999 _c310923
_d310923